Loading...
| History - European | 0 | 9 | 0 | 0 | 90 | 42 | 65.89 | 4 | 7 | 0.00 | 0.00 |
| History - World | 0 | 8 | 0 | 0 | 80 | 36 | 63.25 | 2 | 7 | 0.00 | 0.00 |
| History - Other | 0 | 7 | 0 | 1 | 70 | 18 | 71.43 | 2 | 4 | 0.00 | 0.00 |
| Religion | 0 | 7 | 1 | 2 | 65 | 49 | 99.43 | 1 | 3 | 0.00 | 0.00 |
| History - American | 0 | 5 | 1 | 0 | 45 | 51 | 87.20 | 1 | 3 | 0.00 | 0.00 |
| Mythology | 0 | 4 | 0 | 1 | 40 | 50 | 80.25 | 0 | 2 | 0.00 | 0.00 |
| Science - Chemistry | 0 | 5 | 2 | 0 | 40 | 35 | 52.80 | 2 | 4 | 0.00 | 0.00 |
| Literature - European | 0 | 4 | 0 | 1 | 40 | 69 | 111.00 | 1 | 1 | 0.00 | 0.00 |
| Social Science | 0 | 3 | 0 | 0 | 30 | 43 | 66.67 | 1 | 2 | 0.00 | 0.00 |
| Science - Biology | 0 | 3 | 0 | 0 | 30 | 74 | 82.33 | 0 | 2 | 0.00 | 0.00 |
| Literature - British | 0 | 2 | 0 | 1 | 20 | 137 | 137.50 | 0 | 0 | 0.00 | 0.00 |
| Fine Arts - Visual | 0 | 2 | 0 | 0 | 20 | 103 | 108.50 | 0 | 0 | 0.00 | 0.00 |
| Literature - World/Other | 0 | 2 | 0 | 1 | 20 | 122 | 136.00 | 0 | 0 | 0.00 | 0.00 |
| Fine Arts - Other | 0 | 1 | 0 | 0 | 10 | 140 | 140.00 | 0 | 0 | 0.00 | 0.00 |
| Fine Arts - Classical Music | 0 | 1 | 0 | 0 | 10 | 16 | 16.00 | 0 | 1 | 0.00 | 0.00 |
| Literature - American | 0 | 1 | 0 | 0 | 10 | 112 | 112.00 | 0 | 0 | 0.00 | 0.00 |
| Other Academic | 0 | 1 | 0 | 0 | 10 | 78 | 78.00 | 0 | 0 | 0.00 | 0.00 |
| Philosophy | 0 | 1 | 1 | 0 | 5 | 51 | 51.00 | 1 | 1 | 0.00 | 0.00 |